00442nam a22001577a 4500020001400000041000800014082001200022100001500034245001500049260003900064300000800103650001900111942000700130952013000137999001700267 a855322292 aeng a270 KUN aKung, Hans aThe Church aLondonbSearch Press Limitedc1968 a514 aChurch History cBK 001040708NFICaHMIbHMIcGENd2022-06-24eDr. Andreas d'Souza collectionl0o270 KUNp11002643r2022-06-24w2022-06-24yBK c23259d23259